Ont-ils déjà joué avec... Johnny Depp ? - Statistiques

Statistiques générales
  • Ce quiz a été pris 79 fois
  • Le résultat moyen est 3 sur 10
Answers on the Grid
Answers color-coded by a green-red scale on the quiz's grid according to % correct below.
Meryl Streep
Vanessa Paradis
Daniel Radcliffe
Pierre Niney
Eric Idle
Juliette Binoche
Marlon Brando
Robert De Niro
Jim Carrey
Nicole Kidman
Kevin Costner
Pamela Anderson
Vin Diesel
Enrique Iglesias
Angelina Jolie
Pierce Brosnan
Robert Pattinson
Christopher Walken
John Travolta
Tom Waits
 
Statistiques - réponses
Réponse % Correct
Angelina Jolie
53%
Vanessa Paradis
39%
Christopher Walken
33%
Robert De Niro
30%
Juliette Binoche
29%
Meryl Streep
27%
Marlon Brando
20%
Tom Waits
17%
Robert Pattinson
14%
Enrique Iglesias
8%
Aucun quiz correspondant
Distribution des résultats
% des personnes avec chaque résultat
Percentile par nombre de réponses
Votre historique - résultats
Vous n’avez pas pris ce quiz